000 00928nas a22002657a 4500
999 _c400967
_d400967
003 BLK
005 20250721164402.0
008 210315b bu |||||r|||| 00| 0 bu d
022 _a9772612121039
040 _aBLK
041 _aBUL
_cBUL
080 _aЛитература на отделни езици и езикови семейства
_b821
_z821-93-34
139 _aБандата на кравите
_bБ 25
245 _aБандата на кравите
260 _9210229
_aMilano
_bHachette
_c2020
300 _a[28] с.
_bс цв. ил.
_c21 см
380 _aDX
490 _9206212
_aDisney
490 _9443207
_aЗлатна колекция вълшебни приказки
_v66
_x2612-1212
500 _aПрев. от англ. ез. - Изд. на Disney
852 _a821-93-94/Б 25
_bД
942 _cCPU
_n0
_s1
_015
999 _d400967
944 _k30564
_lАнна Гръцманова